|
|
|
|
| LEADER |
00000cam a2200000 7i4500 |
| 001 |
0000025674 |
| 005 |
20141028.0 |
| 008 |
211014 my eng |
| 020 |
|
|
|a 9789833759859 ,
|c RM30.00
|
| 040 |
|
|
|a INS
|
| 090 |
0 |
0 |
|a LB1044.87
|b P436 2012
|
| 245 |
1 |
0 |
|a Pembelajaran berasaskan web :
|b isu dan trend
|c Ahmad Zamzuri Mohamad Ali
|
| 260 |
|
|
|a Tanjong Malim :
|b UPSI ,
|c 2012
|
| 300 |
|
|
|a x,182p ;
|c 25cm.
|
| 500 |
|
|
|a Mengandungi indeks
|
| 650 |
|
0 |
|a Educational technology
|z Malaysia.
|
| 650 |
|
0 |
|a EducatioxComputer network resources
|z Malaysia.
|
| 650 |
|
0 |
|a Internet in education
|z Malaysia
|
| 700 |
1 |
|
|a Ahmad Zamzuri Mohamad Ali
|
| 999 |
|
|
|a 1000002021
|b BOOK
|c Open Shelf
|e Default branch
|